000 00488nam a22001931 4500
001 4058658
005 20180208032735.0
008 850128s1964 nyua 000 0 eng
010 _a 63020193
040 _aDLC/ICU
_cICU
_dDLC
041 _aeng
080 _a530 WER
082 0 0 _a530 WER
100 1 _a43
101 _aFIZ
245 1 0 _aPhysics of solids
_c[by] Charles A. Wert [and] Robb M. Thomson.
906 _a7
_bcbc
_corignew
_du
_eocip
_f19
_gy-gencatlg
942 _2ddc
_cBK
999 _c42062
_d42062